Statistics for Game of Thrones characters

Click here to take the quiz!

General Stats

  • This quiz has been taken 261 times
  • The average score is 154 of 213

Answer Stats

First appearance (season)DescriptionCharacter% Correct
1Bastard of Winterfell. Member of the Night's WatchJon Snow
98%
1Stark child. Thrown out of a window by Jaime Lannister.Bran Stark
97%
1King of the North. Throat slit by Roose Bolton at the red wedding.Robb Stark
95%
1One of the Stark children. Member of the Faceless MenArya Stark
93%
1Only knew one word. Died at the cave of the Three-Eyed Raven while "holding the door".Hodor
93%
1Former Queen of the Seven Kingdoms. Died in the Battle of King's Landing.Cersei Lannister
92%
1Lord of Winterfell. Beheaded in for treason in King's Landing.Eddard Stark
92%
1Former King of the Seven Kingdoms. Poisoned at the Purple WeddingJoffrey Baratheon
92%
1Great Khal married to Daenerys Targaryen. Smothered with a pillow by Daenerys Targaryen after being left in a vegetative state by Mirri Maz Duur.Khal Drogo
92%
1Direwolf to Sansa Stark.Lady
92%
1Brother of Robert Baratheon and Lord of Storm's End. Stabbed by a shadow with the face of Stannis Baratheon.Renly Baratheon
92%
1Youngest stark child. Shot with arrow by Ramsay Bolton.Rickon Stark
92%
1King of the Seven Kingdoms when the series started. Goared by a boar after drinking wine given to him by Cersei Lannister.Robert Baratheon
92%
1Nicknamed "The hound". Sacrificing himself to kill his brother.Sandor Clegane
92%
1Queen of the North. Married to Tyrion Lannister and Ramsay Bolton.Sansa Stark
92%
1Ward to Eddard Stark in Winterfell. Stabbed by the Night King protecting Bran Stark.Theon Greyjoy
92%
1Former King of the Seven Kingdoms. Threw himself off the balcony in the Red Keep after the Destruction of the Sept of Baelor.Tommen Baratheon
92%
1Nicknamed "Imp". The Hand of the King to Bran Stark.Tyrion Lannister
92%
1Former Lord Commander of the Kingsguard for Robert Baratheon. Slain fighting the Sons of the Harpy.Barristan Selmy
90%
1Lady of Winterfell. Slain at the Red Wedding.Catelyn Stark
90%
1Member of the Queensguard. Poisoned by Oberyn Martell and had zombified remains. Finally thrown into a fiery chasm by Sandor Clegane.Gregor Clegane
90%
1Former member of the Kingsguard. Died in the Battle of King's Landing.Jaime Lannister
90%
1Member of the Kingsguard to Daenerys Targaryen. Stabbed by wights while defending Daenerys Targaryen.Jorah Mormont
90%
1Squire to Robert Baratheon. Stabbed by Arthur, then burned alive during the Sept of Baelor.Lancel Lannister
90%
1Direwolf to Arya StarkNymeria
90%
1Nicknamed "The Spider". Burned alive by Daenerys Targaryen for treason.Varys
90%
1First Ranger of the Night's Watch. Killed by wights after saving Jon Snow from death.Benjen Stark
88%
1Daughter of King Aerys II. Exiled to Essos with her brother. Stabbed by Jon Snow after the Battle of King's Landing.Daenerys Targaryen
88%
1Bastard of Robert Baratheon. Blacksmith in King's Landing. New Lord of Storm's End.Gendry Baratheon
88%
1Direwolf to Robb StarkGrey Wind
88%
1The royal executioner in King's Landing.Ilyn Payne
88%
1Only daughter of Robert Baratheon. Poisoned after being kissed by Ellaria SandMyrcella Baratheon
88%
1Nicknamed "Littlefinger". Throat slit by Arya Stark.Petyr Baelish
88%
1Prostitute from Winterfell. Shot with a crossbow by Joffrey Baratheon.Ros
88%
1Direwolf to Bran StarkSummer
88%
1Son of King Aerys II. Exiled to Essos. Burned with molten gold by Khal Drogo.Viserys Targaryen
88%
1Handmaiden to Daenerys Targaryen. Locked inside a vault by Daenerys TargaryenDoreah
86%
1Direwolf to Jon SnowGhost
86%
1Hand of the King to Robert Baratheon. Drank wine poisoned with the tears of Lys.Jon Arryn
86%
1Lord Paramount of the Trident. Married to Jon Arryn. Pushed out of the Moon Door by Petyr Baelish.Lysa Arryn
86%
1Direwolf to Rickon StarkShaggydog
86%
1Master-at-Arms at Castle Black. Hanged by Jon Snow for treason.Alliser Thorne
85%
1Lord Commander of the Night's Watch. Stabbed in the back by Rast.Jeor Mormont
85%
1Maester of Winterfell. Mercy killed by Osha.Maester Luwin
85%
1Grand maester for many kings. Stabbed by Qyburn's little birds.Maester Pycelle
85%
4Farm boy from the Gift. Member of the Night's Watch and steward of Jon Snow. Hanged for treason by Jon Snow.Olly
85%
1Wildling who was the sworn protector of Bran Stark. Stabbed in the neck by Ramsay Bolton.Osha
85%
3Maester who was thrown out of the Citadel. Master of Whisperers and Hand of the Queen to Cersei Lannister. Head smashed against a wall by Gregor CleganeQyburn
85%
1Master sword-fighter from Bravos. Trained Arya Stark at King's Landing. Killed by Meryn Trant.Syrio Forel
85%
1Lord of Casterly Rock and Warden of the West. Hand of the King for Joffrey Baratheon and Robert Baratheon. Shot with a crossbow by Tyrion Lannister.Tywin Lannister
85%
6Brother of Balon Greyjoy and Lord Reapor of Pyke and King of the Iron Islands. Stabbed by Jaime Lannister.Euron Greyjoy
83%
1Member of the Night's Watch. Killed by Mag the Mighty defending the gate at Castle Black.Grenn
83%
1Handmaiden to Daenerys Targaryen. Strangled with a tassel by Doreah.Irri
83%
1Former Commander of the City's Watch. Beheaded by Jon Snow for insubordination.Janos Slynt
83%
1Captain of the guards at Winterfell. Stabbed through the eye by Jaime LannisterJory Cassel
83%
1Former Lord Commander of the Kingsguard. Known as one of the most skilled knights in Westeros. Burned alive during the Destruction of the Sept of Baelor.Loras Tyrell
83%
4Lord of Highgarden and father of Margaery Tyrell. Master of ships and Master of coins for Tommen Baratheon. Burned alive at the Destruction of the Sept of Baelor.Mace Tyrell
83%
2Brother of Loras Tyrell and wife of Renly Baratheon. Queen to kings Renly Baratheon, Joffrey Baratheon, and Tommen Baratheon. Burned alive by wildfyre.Margaery Tyrell
83%
1Septa at Winterfell. Executed in King's Landing.Mordane
83%
1Member of the Night's Watch. Shot with an arrow by Ygritte.Pypar
83%
1Lord of the Eyrie and son of Jon Arryn. Warden of the East and Defender of the Vale.Robin Arryn
83%
1Master-at-Arms of Winterfell. Beheaded by Theon GreyjoyRodrik Cassel
83%
1Grand Maester in King's Landing for Bran Stark. Former member of the Night's Watch.Samwell Tarly
83%
1Prostitute and Tyrion Lannister's mistress. She was also Sansa Stark's handmaiden. Strangled with gold chains by Tyrion Lannister.Shae
83%
2Lord of Dragonstone and the younger brother of Robert Baratheon. Beheaded by Brienne of Tarth after the Battle of Winterfell.Stannis Baratheon
83%
1Member of the Night's Watch. Beheaded for destertion.Will
83%
2Lord Commander of the Kingsguard for Bran Stark. Knighted by Jaime Lannister and former Lord Commander of the Kingsguard for Renly Baratheon.Brienne of Tarth
81%
1Lord of Highgarden, Lord Paramount of the Reach, Master of Coin and a skilled sellsword. Fought for Tyrion Lannister's trial by combat at the Eyrie.Bronn
81%
3The commander of the Unsullied and the lover of Missandei.Grey Worm
81%
3Former interpreter for Kraznys mo Nakloz. Trusted advisor and handmaiden to Daenerys Targaryen. Beheaded by Gregor Clegane.Missandei
81%
3Mother of Mace Tyrell. Responsible for poisoning Joffrey Baratheon at the Purple Wedding. Poisoned by Jaime Lannister.Olenna Tyrell
81%
2Member of the Kingsguard to Bran Stark. Squire to Tyrion Lannister and Brienne of Tarth.Podrick Payne
81%
1Member of the Night's Watch. Eaten by Ghost in the Raid on Craster's KeepRast
81%
2Lord of the Dreadfort. General in Robb Stark's army. Father of Ramsay Bolton. Stabbed by Ramsay Bolton.Roose Bolton
81%
2Lady of the Iron Islands and daughter of Balon Greyjoy. Older sister of Theon GreyjoyYara Greyjoy
81%
2Wildling and member of Mance Rayder's army. Lover of Jon Snow. Shot with an arrow by Olly.Ygritte
81%
2Lord Reaper of Pyke and father of Theon Greyjoy. Thrown from a bridge by Euron greyjoy.Balon Greyjoy
80%
3Former lieutenant in the Second Sons and a trusted advisor to Daenerys Targaryen.Daario Naharis
80%
3Leader of the wildlings, holding the title "King-Beyond-the-Wall". Former member of the Night's Watch. Shot with an arrow by Jon Snow.Mance Rayder
80%
1Butcher's son in Winterfell. Slain by Sandor Clegane.Mycah
80%
2Member of the Night's Watch and nicknamed "The half hand". Stabbed by Jon Snow.Qhorin.
80%
3Bastard son of Roose Bolton. Held Theon Greyjoy hostage after retaking Winterfell. Eaten by his own hounds.Ramsay Bolton
80%
3Nicknamed "The Giantsbane". Wildling and trusted advisor to Jon Snow.Tormund
80%
1Member of the Night's Watch. Stabbed in the neck by Amory Lorch.Yoren
80%
1Maester at Castle Black. Died peacefully in his bed from old age.Aemon Targaryen
78%
1Lord of Blackhaven and formed the Brotherhood without Banners. Stabbed by wights while protecting Arya StarkBeric Dondarrion
78%
3Nicknamed "The Blackfish". Brother of Hoster Tully and uncle of Catelyn Stark. Killed while fighting Lannister soldiers.Brynden Tully
78%
3Son of Hoster Tully and brother of Catelyn Stark and Lysa Arryn. Lord of Riverrun and Lord Paramount of the Trident.Edmure Tully
78%
1Leader of the Faceless Men of Braavos and a Lorathi criminal.Jaqen H'ghar
78%
3Son of Howland Reed. Led Bran Stark, Rickon Stark, Hodor, and Osha to the Cave of the Three-Eyed Raven. Stabbed by wights and throat slit out of mercy.Jojen Reed
78%
1Tywin Lannister's younger brother. Hand of the King to Tommen Baratheon. Burned alive during the Destruction of the Sept of Baelor.Kevan Lannister
78%
3Sister of Jojen Reed and daughter of Howland Reed. Protects Bran Stark and Hodor north of the Wall.Meera Reed
78%
3Servant of House Bolton and Ramsay Bolton's lover. Thrown from a rampart by Theon Greyjoy.Myranda
78%
4Nicknamed "The Red Viper". Brother of Elia Martell and father of the Sand Snakes. Skull crushed by Gregor Clegane.Oberyn Martell
78%
3Wildling warg who can warg into an eagle. Stabbed by Jon Snow.Orell
78%
3Daughter of Stannis Baratheon and Selyse Baratheon. Burned alive by Melisandre.Shireen Baratheon
78%
3Red priest of the Lord of Light. Leader of the Brotherhood without Banners and friend of Beric Dondarrion. Froze to death after being mauled by a wight snow bear.Thoros of Myr
78%
5Acoylte of the Faceless Men serving for Jaqen H'ghar. Killed by Arya Stark.Waif
78%
2A knight of House Hollard and later became a fool by Joffrey Baratheon after showing up to a tourney drunk. Shot with crossbows onboard Petyr Baelish's ship.Dontos Hollard
76%
5Leader of the sparrows and High Septon in King's Landing. Burned alive during the Destruction of the Sept of Baelor.High Sparrow
76%
3Lord of Riverrun, the Lord Paramount of the Trident, and head of House Tully.Hoster Tully
76%
1An orphan and baker's apprentice. Later became a baker for the Inn at the Crossroads.Hot Pie
76%
3Man-at-Arms sworn to House Bolton. Roose Bolton's best hunter. Neck snapped by Hodor whilst possessed by Bran Stark.Locke
76%
1Rider to Khal Drogo. Throat ripped out by Khal Drogo.Mago
76%
2Warlock from Qarth and a member of the thirteen. Burned alive by Daenerys's dragons.Pyat Pree
76%
3Daughter of Walder Frey and wife of Edmure Tully.Roslin Frey
76%
2Wife of Robb Stark and former healer of the Westerlands. Stabbed in the stomach during the Red Wedding.Talisa Stark
76%
1Lord of the Crossing, Lord of Riverrun, and Lord Paramount of the Trident. He was behind the Red Wedding. Throat slit by Arya Stark.Walder Frey
76%
3Squire in the Lannister army and son of Kevan Lannister. Killed by Rickard Karstark.Willem Lannister
76%
2Wildling who is an ally of the Night's Watch. Marries his daughters when they are old enough. Stabbed by Karl Tanner during a mutiny.Craster
75%
2Nicknamed "The Onion Knight". Former smuggler and Hand of the King to Stannis Baratheon. Named Master of Ships to Bran Stark.Davos Seaworth
75%
6Son of Randyll Tarly and brother of Samwell Tarly. Burned alive by Drogon.Dickon Tarly
75%
5Prince of Dorne and Lord of Sunspear. Brother of Elia Martell and Oberyn Martell. Bled to death after being stabbed by Ellaria Sand.Doran Martell
75%
3Squire in the Lannister army and son of Kevan Lannister. Killed by Rickard Karstark.Martyn Lannister
75%
5Daughter of Oberyn Martell and a member of the Sand Snakes. Impaled with a spear by Euron Greyjoy.Obara Sand
75%
2Man-at-Arms for House Lannister. Stabbed by Arya StarkPolliver
75%
4Lord of Runestone and loyal bannerman for House Arryn.Yohn Royce
75%
2Cousin of Jaime Lannister and taken prisoner by Robb Stark. Beaten to death by Jaime Lannister.Alton Lannister
73%
4Paramour of Oberyn Martell. Bastard of House Uller and a member of the Sand Snakes. Left to die in prison by Cersei Lannister.Ellaria Sand
73%
3Son of Walder Frey and is the steward of the Twins. Killed and carved into a pie by Arya Stark.Lothar Frey
73%
6Lady of Bear Island and daughter of Maege Mormont. Crushed by a wight giant during the Battle of Winterfell.Lyanna Mormont
73%
2Son of Davos Seaworth. Squire and scribe to Stannis Baratheon. Killed by wildfyre during the Battle of the Blackwater.Matthos Seaworth
73%
2Nicknamed "The Red Witch". Close counselor for Stannis Baratheon. Succumbed to old age after removing her enchanted necklace.Melisandre
73%
3Spy and prostitute for Petyr Baelish, catering to male clients.Olyvar
73%
6Lord of Horn Hill and father of Samwell Tarly. Burned alive by Drogon.Randyll Tarly
73%
1Lord of Karhold and close ally of House Stark. Beheaded by Robb Stark for treason after killing Willem and Martyn Lannister.Rickard Karstark
73%
4Last greenseer and living among the Children of the Forest. Slain with an ice falx by the Night King.Three-Eyed Raven
73%
5Daughter of Oberyn Martell and a member of the Sand Snakes. Poisoned with the Long Farewell after being kissed by Cersei Lannister.Tyene Sand
73%
5Wildling Giant and was saved by Jon Snow at Hardhome. Shot with an arrow by Ramsay Bolton.Wun Wun
73%
1One of the three dragons born to Daenerys Targaryen. Named after Daenerys's husband, Khal Drogo.Drogon
71%
1Magister of Pentos. Ally of House Targaryen.Illyrio Mopatis
71%
6Leading mummer in Izembaro's Braavosi theater troupe. Throat slit by the Waif.Lady Crane
71%
4A Children of the Forest and protected the Three-Eyed Raven. Created the White Walkers. Committed suicide by causing an explosion to save Bran Stark.Leaf
71%
1Former member of the Kingsguard for Joffrey Baratheon, and Robert Baratheon. Stabbed by Arya Stark.Meryn Trant
71%
1One of the three dragons born to Daenerys Targaryen. Named after Daenerys's eldest brother Rhaegar. Shot with multiple scorpion bolts by Euron Greyjoy.Rhaegal
71%
3Bastard son of Walder Frey. Killed and carved into a pie by Arya Stark.Walder Rivers
71%
2Sworn knight to House Lannister and a loyal vassal. Shot with a dart by Jaqen H'gharAmory Lorch
69%
5Member of the Night's Watch and the first steward of the Night's Watch. Hanged by Jon Snow for treason.Bowen Marsh
69%
3Member of the Night's Watch who led the mutiny at Craster's Keep. Stabbed by Jon Snow.Karl Tanner
69%
4Giant and member of Mance Rayder's army. Killed fighting Grenn and other members of the Night's Watch.Mag the Mighty
69%
5Daughter of Oberyn Martell and a member of the Sand Snakes. Strangled with a whip by Euron Greyjoy.Nymeria Sand
69%
1First Builder of the Night's Watch. Hanged by Jon Snow for treason.Othell
69%
1Bloodrider to Khal Drogo. Slashed accross the face by Jorah Mormont.Qotho
69%
2Wife of Stannis Baratheon. Hung herself from a tree.Selyse Baratheon
69%
5Son of Doran Martell and was betrothed by Myrcella Baratheon. Impaled by Obara Sand.Trystane Martell
69%
1One of the three dragons born to Daenerys Targaryen. Named after Daenerys's elder brother Viserys. Pierced with an ice spear by the Night King.Viserion
69%
4Wife of Roose Bolton and a member of House Frey. Mauled to death by Ramsay Bolton's hounds.Walda Bolton
69%
1Member of the Night's Watch. Decapitated by a white walker.Gared
68%
1Member of the Night's Watch. Slain by a white walker.Ser Waymar Royce
68%
4Wildling and the Magnar of Thenn. Bludgeoned with a forging hammer by Jon Snow.Styr
68%
5Septa of the Faith of Seven and a devoted follower of the High Sparrow.Unella
68%
2Merchant from the Qarth. Locked inside his vault by Daenerys Targaryen.Xaro Xhoan Daxos
68%
7Daughter of Harald Karstark and Lord of Karhold. Killed by wights while defending Bran Stark.Alys Karstark.
66%
2Wildling raider. Known for wearing a giant's skull instead of a helmet. Beaten to death by Tormund Giantsbane.Lord of Bones
66%
6Nicknamed "Sword of the Morning". Member of the Kingsguard for Aerys II Targaryen and known as the greatest knight. Stabbed by Eddard Stark.Arthur Dayne
64%
2Wildling who is a daughter of Craster. Lover of Samwell Tarly.Gilly
64%
3Braavosi sellsword and one of the captains of the Second Sons. Decapitated by Daario Naharis.Mero
64%
7Son of Aerys II Targaryen and brother to Viserys Targaryen and Daenerys Targaryen. Married to Elia Martell. Killed with a war hammer by Robert Baratheon.Rhaegar Targaryen
64%
2Ironborn reaver in the service of House Greyjoy. Flayed alive by Ramsay Bolton.Dagmer
63%
2Member of the Night's Watch. Lord Commander of the Night's Watch while Jon Snow was in Winterfell. Stabbed by a wight while defending Samwell Tarly.Eddison Tollett
63%
2Soldier serving for Gregor Clegane. Specialized in interrogation and torture. Neck snapped by Jaqen H'ghar.The Tickler
63%
6Drowned man in service to the Drowned God. Brother of Balon Greyjoy and Euron Greyjoy. Died during the War of the Five Kings.Aeron Greyjoy
61%
6Nicknamed "The Mad King". Former King of the Seven Kingdoms. Father of Daenerys Targaryen. Stabbed by Jaime LannisterAerys II Targaryen
61%
4Slave trader from Meereen. Stabbed by the Sons of the Harpy.Hizdahr zo Loraq
61%
1Squire to Jon Arryn and later became a knight. Impaled in the thorat with a splintered lance by Gregor Clegane.Hugh
61%
1An orphan from King's Landing. Arrested for thieving. Stabbed in the throat by Polliver.Lommy Greenhands
61%
1Member of the Kingsguard for Joffrey Baratheon and Robert Baratheon. Stabbed with a spear by Podrick Payne.Mandon Moore
61%
6Dothraki warrior and lieutenant in the Targaryen army. Killed by wights during the Battle of Winterfell.Qhono
61%
6Daughter of Randyll Tarly and sister of Samwell Tarly.Talla Tarly
61%
1Captain of the guards at the Eyrie. Stabbed and thrown down the moon door by Bronn.Vardis Egen
61%
6Daughter of Rickard Stark and sister of Eddard Stark and Benjen Stark. Wife of Rhaegar Targaryen. Died giving birth to Jon Snow.Lyanna Stark
59%
1Night's Watch deserter. Shot with an arrow by Theon Greyjoy after fleeing south.Stiv
59%
2Maester at Dragonstone and a servant of Stannis Baratheon. Committed suicide by drinking poison in an attempt to kill Melisandre.Cressen
58%
1Steward of Winterfell.Jeyne Poole
58%
6Nicknamed "Smalljon". Son of Greatjon Umber and the Lord of the Last Hearth. Throat ripped out by Tormund Giantsbane.Jon Umber
58%
1Lord of the Last Hearth. Fought for Robb Stark during the War of the Five Kings. Died during the War of the Five Kings.Jon Umber
58%
4Banker and employee of the Iron Bank of Braavos.Tycho Nestoris
58%
6Lord of Greywater Watch and father of Meera Reed and Jojen Reed.Howland Reed
56%
5Spearwife and wildling leader and retreated to Hardhome. Mauled to death by a pack of wight children.Karsi
56%
6Dothraki Khal who Daenerys Targaryen is brought to. Burned alive by Daenerys Targaryen.Moro
56%
7Son of Smalljon Umber and Lord of the Last Hearth. Killed and raised as a wight during an attack by the army of the dead.Ned Umber
56%
2Pirate-lord and sellsail, commanding a fleet of thrity ships.Salladhor Saan
56%
6Member of the order of Maesters and was in service for House Bolton.Wolkan
56%
6Veteran of the War of the Ninepenny Kings. Served the Faith of the Seven after becoming a mercenary. Hanged by Lem.Ray
54%
6Brother of Galbart Glover and the Lord of Deepwood Motte.Robett Glover
54%
5Captain of the Martell guard and personal bodyguard of Doran Martell. Stabbed by Tyene Sand.Areo Hotah
53%
6Youngest son of Rickard Karstark and Lord of Karhold. Died during the Battle of the Bastards.Harald Karstark
53%
6Lord Commander of the Kingsguard for Aerys II Targaryen. Stabbed by Eddard Stark.Gerold Hightower
51%
2Son of Rickard Karstark and brother of Harrion Karstark. Strangled with shackles by Jaime Lannister.Torrhen Karstark
51%
8Captain of the Golden Company and a skilled sellsword. Impaled with a spear by Grey Worm.Harry Strickland
49%
3Slave-trader in the city of Astapor. Trained the army of the Unsullied. Burned alive by Drogon.Kraznys mo Nakloz
49%
1A Lhzareen godslife that was enslaved by Khal Drogo. Burned alive by Daenerys Targaryen.Miiri Maz Duur
49%
6Rogue member of the Brotherhood without Banners. Hanged by Sandor Clegane.Lem
47%
6Lord of Winterfell and father of Eddard Stark, Benjen Stark, and Lyanna Stark. Burned alive by Aerys II Targaryen.Rickard Stark
47%
1Steward of Winterfell. Stabbed with a spear by Lannister men.Vayon Poole
47%
6Dothraki warrior who escorted Daenerys Targaryen to Vaes Dothrak. Stabbed by Daario Naharis.Aggo
46%
1Member of the Queensguard for Cersei Lannister. Killed during the Battle of King's Landing.Boros Blount
46%
6Red Priestess and one of the high-ranking leaders in the faith of R'hllor.Kinvara
46%
5Wildling and elder of the Thenns. Impaled with a blade while defending Jon Snow.Loboda
44%
6Wife of Randyll Tarly and mother of Samwell Tarly.Melessa Tarly
44%
1Member of the Night's Watch. Acting first ranger while Benjen Stark is missing.Jaremy
42%
1Blacksmith of Winterfell. Killed in the Sack of Winterfell.Mikken
42%
6Rogue member of the Brotherhood without Banners. Killed with an axe by Sandor Clegane.Gatins
41%
1Knight of Cornfield and the head of House Swyft.Harys Swyft
41%
1Member of the Queensguard. Died in the Battle of King's Landing.Preston Greenfield
41%
3Slave trader from Yunkai and one of the Wise Masters. Troat slit by Grey WormRazdal mo Eraz
41%
6Member of the Brotherhood without Banners. Throat slit by Sandor Clegane.Morgan
37%
6Head of House Manderly and the second to declare Jon Snow the King in the North.Wyman Manderly
37%
1Member of the Queensguard for Cersei Lannister. Killed during the Battle of King's Landing.Arys Oakheart
36%
3Member of the Queensguard for Cersei Lannister. Killed during the Battle of King's Landing.Balon Swann
36%
5Wildling elder who was saved by Jon Snow and sent to the Gift.Dim Dalba
36%
3One of the captains of the Second Sons. Decapitated by Daario Naharis.Prendahl na Ghezn
32%
5Slave trader from Yunkai and trains pit fighters.Yezzan zo Qaggaz
32%

Score Distribution

Percentile by Number Answered

Percent of People with Each Score

Your Score History

You have not taken this quiz